*Ridiculous Riddles #01* - Statistics

General Stats
  • This quiz has been taken 6,927 times
  • The average score is 4 of 10
Answer Stats
# Riddle Answer % Correct
2. What is in seasons, seconds, centuries and minutes but not in decades, years or days? The letter "n"
77%
1. It is greater than God and more evil than the devil. The poor have it, the rich need it and if you eat it you'll die. What is it? Nothing
64%
3. The person who makes it, sells it. The person who buys it never uses it and the person who uses it doesn't know they are. What is it? A "coffin"
41%
8. I know a word of letters three. Add two, and fewer there will be Few
41%
10. What starts with a T, ends with a T, and has "T" in it? A "teapot"
38%
7. I am always hungry, I must always be fed, the finger I touch, will soon turn red... Fire
35%
4. The more you have of it, the less you see. What is it? Darkness
32%
9. You heard me before, Yet you hear me again, Then I die, 'Till you call me again... An Echo
23%
5. What English word has three consecutive double letters? Bookkeeper
18%
6. What's black when you get it, red when you use it, and white when you're all through with it? Charcoal
18%
No matching quizzes found
Score Distribution
Percent of People with Each Score
Percentile by Number Answered
Your Score History
You have not taken this quiz